000 00743nam a22002177a 4500
999 _c157938
_d157938
005 20181011123845.0
010 _aENG-124235
020 _a9789352869015
_c749.00
035 _aEN-107767
037 _bDBAD/PUB
082 _a686.22544536
100 _aAnton, Kelly Kordes
245 _aId adobe in design CC 2018 release /
_bby Kelly Kordes Anton [and] Tina Dejarld
260 _aNoida
_bPearson
_c2018
270 _a15th Floor, Tower B, Worls Trade Tower, Plot No.1, Block -C
_bNoida (UP)
_e201301
300 _a422p.
_c25cm.(pbk)
_bill.
500 _aClassroom in a book, the official training workbook from adobe
500 _aIt includes index
700 _a Dejarld, Tina
942 _2ddc
_cEN
_h686.22544536
_mANT